[Event "Agartala Dutta Memorial 3rd"]
[Site "Agartala"]
[Date "2023.11.06"]
[Round "10"]
[White "Dangmei, Bosco"]
[Black "Mehekdwip, Gope"]
[Result "1-0"]
[WhiteElo "1904"]
[BlackElo "1366"]
[PlyCount "85"]
[EventDate "2023.11.01"]
[EventType "swiss"]
[EventRounds "10"]
[EventCountry "IND"]
[SourceTitle "CB46_2023"]
[SourceDate "2023.11.15"]
[SourceVersion "1"]
[SourceVersionDate "2023.11.15"]
[SourceQuality "1"]

1. e4 c5 2. Nf3 d6 3. d4 cxd4 4. Nxd4 Nf6 5. Nc3 a6 6. Bg5 e6 7. f4 Be7 8. Qf3 Nbd7 9. 0-0-0 Qc7 10. g4 h6 11. Bxf6 Bxf6 12. Bg2 Nc5 13. h4 Qb6 14. Nde2 Be7 15. g5 Bd7 16. a3 Bc6 17. Nd4 Rc8 18. Qg4 h5 19. Qe2 Na4 20. Nxa4 Bxa4 21. Rd2 Qc5 22. e5 d5 23. g6 Qa5 24. gxf7+ Kxf7 25. Bh3 Bd7 26. f5 Bb5 27. fxe6+ Ke8 28. Qf3 Rf8 29. Qxh5+ Kd8 30. Nxb5 axb5 31. Rxd5+ Kc7 32. Qe2 Kb8 33. Rxb5 Qa4 34. Kb1 Rf4 35. Bg2 Rc7 36. Rd1 Rfc4 37. Rb3 Rxh4 38. Rd7 Rhc4 39. Rxb7+ Kc8 40. Rbxc7+ Rxc7 41. Qd3 Rxd7 42. exd7+ Qxd7 43. Bh3 1-0